|
|
|
|
| LEADER |
01291nam a2200301 a 4500 |
| 001 |
32036 |
| 003 |
BD-DhAAL |
| 005 |
20211116103811.0 |
| 008 |
170917r20051977nyu 000 0 eng |
| 999 |
|
|
|c 38257
|d 38257
|
| 010 |
|
|
|a 76049126
|
| 020 |
|
|
|a 9780753818817
|
| 040 |
|
|
|a DLC
|c DLC
|d DLC
|d BD-DhAAL
|
| 050 |
0 |
0 |
|a CB245
|b .G68 1977 vol. 3
|a DG311
|
| 082 |
0 |
0 |
|a 909.09821
|
| 245 |
0 |
4 |
|a The Decline and fall of the Roman Empire /
|c Edward Gibbon, edited and abridged with an introduction and appreciation by Hugh Trevor-Roper
|
| 250 |
|
|
|a Third edition
|
| 260 |
|
|
|a London ;
|a New York :
|a Washington Square Press ;
|b Phoenix,
|c 2005
|
| 300 |
|
|
|a ix, 679 pages ;
|c 25 cm.
|
| 490 |
1 |
|
|a Random House historical pamphlet edition ; 3
|
| 500 |
|
|
|a Reprint of a section of the 3d ed. of Great issues in Western civilization edited by B. Tierney, D. Kaga, and L. P. Williams.
|
| 526 |
|
|
|a ARC
|
| 541 |
|
|
|e 32036
|
| 650 |
|
|
|a Architecture
|9 42684
|
| 651 |
|
0 |
|a Rome
|x History
|y Empire, 284-476.
|9 22024
|
| 830 |
|
0 |
|a Great issues in Western civilization ;
|v 3.
|9 22025
|
| 942 |
|
|
|2 ddc
|c BK
|
| 952 |
|
|
|0 0
|1 0
|2 ddc
|4 0
|6 909_098210000000000_DEC
|7 0
|9 61015
|a BRACUL
|b BRACUL
|c GEN
|d 2017-08-24
|e Karim International
|g 1320.00
|l 3
|m 15
|o 909.09821 DEC
|p 3010032036
|r 2025-10-22
|s 2025-06-30
|t 1
|v 1320.00
|w 2017-08-24
|y BK
|